[Event "TCh-SRB 1st League"]
[Site "Subotica SRB"]
[Date "2008.09.06"]
[Round "6"]
[White "Efimenko, Z."]
[Black "Berkes, F."]
[Result "0-1"]
[WhiteElo "2670"]
[BlackElo "2645"]
[PlyCount "78"]
[EventDate "2008.09.01"]
[SourceDate "1999.07.01"]

1. e4 c6 2. d4 d5 3. e5 Bf5 4. Nf3 e6 5. Be2 c5 6. Be3 cxd4 7. Nxd4 Ne7 8. c4
Nbc6 9. Qa4 a6 10. Nc3 dxc4 11. O-O-O Qc8 12. Nxf5 Nxf5 13. Bb6 Bb4 14. Ne4 O-O
15. a3 Ba5 16. Bc5 b5 17. Qc2 Rd8 18. Nd6 Nxd6 19. exd6 Rb8 20. Kb1 Bb6 21.
Bxb6 Rxb6 22. Qc3 e5 23. f4 Qf5+ 24. Ka2 b4 25. Qxc4 bxa3 26. g4 Qd7 27. b3 Rc8
28. Qe4 Nb4+ 29. Ka1 Nc2+ 30. Ka2 Rxd6 31. Qxe5 Nb4+ 32. Kxa3 Nc2+ 33. Kb2 Nd4
34. Rhe1 h5 35. gxh5 Re8 36. Qc5 Rc8 37. Qe5 Rd5 38. Bg4 Qb7 39. Bxc8 Qxb3+ 0-1

[Event "5th LGA Premium Cup"]
[Site "Nuernberg GER"]
[Date "2008.09.07"]
[Round "7"]
[White "Berelowitsch, A."]
[Black "Braun, A."]
[Result "1/2-1/2"]
[WhiteElo "2557"]
[BlackElo "2533"]
[PlyCount "23"]
[EventDate "2008.09.04"]
[SourceDate "1999.07.01"]

1. e4 c6 2. d4 d5 3. Nc3 dxe4 4. Nxe4 Bf5 5. Ng3 Bg6 6. h4 h6 7. Nf3 Nd7 8. h5
Bh7 9. Bd3 Bxd3 10. Qxd3 e6 11. Bd2 Ngf6 12. O-O-O 1/2-1/2

[Event "28th Open"]
[Site "Bratto ITA"]
[Date "2008.08.26"]
[Round "5"]
[White "Tiviakov, S."]
[Black "Levin, F."]
[Result "1-0"]
[WhiteElo "2645"]
[BlackElo "2564"]
[PlyCount "123"]
[EventDate "2008.08.22"]
[SourceDate "1999.07.01"]

1. e4 c6 2. d4 d5 3. Nd2 dxe4 4. Nxe4 Bf5 5. Ng3 Bg6 6. Nh3 e6 7. Nf4 Bd6 8.
Ngh5 Bxh5 9. Nxh5 g6 10. Ng3 Nf6 11. c3 Nbd7 12. Bc4 Qc7 13. Qf3 h6 14. Bd2
O-O-O 15. O-O-O g5 16. Ne4 Nxe4 17. Qxe4 Nb6 18. Bb3 Nd5 19. g3 Be7 20. Kb1 Kb8
21. c4 Nf6 22. Qe3 Nd7 23. Bc3 Bf6 24. Rd3 Qd6 25. Rhd1 g4 26. Ba5 Rde8 27. c5
Qf8 28. Qf4+ Ka8 29. Qxg4 Bd8 30. Bc3 Nf6 31. Qf3 Rg8 32. h4 Qe7 33. Bd2 Ng4
34. Re1 Qd7 35. Bc4 h5 36. a3 Bc7 37. Ka2 Rg6 38. Qe2 Rh8 39. Bc3 Rhg8 40. Rf3
Rd8 41. Rd3 Rdg8 42. Red1 Rd8 43. Ka1 Rdg8 44. b4 Nf6 45. Bb2 Rg4 46. Rb3 Nd5
47. b5 Ba5 48. bxc6 Qxc6 49. Rc1 Rd8 50. Qe5 f5 51. Bb5 Qc8 52. c6 Re4 53. Qg7
Re1 54. cxb7+ Qxb7 55. Qxb7+ Kxb7 56. Be2+ Nb6 57. Bxh5 Rxc1+ 58. Bxc1 Rxd4 59.
Bf3+ Kc8 60. h5 Rc4 61. Bb2 Bd2 62. Rd3 1-0

[Event "8th Savaria Summer GM"]
[Site "Szombathely HUN"]
[Date "2008.08.22"]
[Round "9"]
[White "Kovacs, Ga2"]
[Black "Prohaszka, P2."]
[Result "1/2-1/2"]
[WhiteElo "2505"]
[BlackElo "2508"]
[PlyCount "25"]
[EventDate "2008.08.14"]
[SourceDate "1999.07.01"]

1. e4 c6 2. d4 d5 3. exd5 cxd5 4. Bd3 Nc6 5. c3 Nf6 6. Bf4 Bg4 7. Ne2 e6 8. h3
Bh5 9. O-O Bd6 10. Bxd6 Qxd6 11. Na3 Bg6 12. Qd2 O-O 13. Bxg6 1/2-1/2

[Event "95th ch-GBR Playoff"]
[Site "Liverpool ENG"]
[Date "2008.08.09"]
[Round "2"]
[White "Conquest, S."]
[Black "Arkell, K."]
[Result "1-0"]
[WhiteElo "2536"]
[BlackElo "2506"]
[PlyCount "92"]
[EventDate "2008.08.09"]
[SourceDate "1999.07.01"]

1. e4 c6 2. d4 d5 3. Nd2 dxe4 4. Nxe4 Nd7 5. Nf3 Ngf6 6. Ng3 c5 7. Be2 cxd4 8.
Qxd4 e6 9. O-O Bc5 10. Qh4 O-O 11. Bd3 Be7 12. Bg5 g6 13. Rad1 Re8 14. Bb5 a6
15. Bxd7 Nxd7 16. Ne4 f6 17. Rxd7 Bxd7 18. Nxf6+ Bxf6 19. Bxf6 Qc7 20. Be5 Qd8
21. Bf6 Qc7 22. Ne5 Bc6 23. Nxg6 Bd5 24. Qg5 Kf7 25. Be5 Qd8 26. Qh6 Re7 27.
Qxh7+ Ke8 28. Nxe7 Qxe7 29. Qh8+ Qf8 30. Qxf8+ Kxf8 31. b3 b5 32. Re1 Rc8 33.
Re2 Kf7 34. f3 a5 35. Kf2 a4 36. h4 Kg6 37. g4 Rf8 38. Re3 Rc8 39. Re2 Rf8 40.
f4 Kh6 41. Kg3 axb3 42. axb3 Ra8 43. h5 Ra2 44. Rh2 Be4 45. g5+ Kh7 46. Rd2 Ra7
1-0

[Event "17th Open"]
[Site "Kavala GRE"]
[Date "2008.08.07"]
[Round "9"]
[White "Parligras, M."]
[Black "David, Alb"]
[Result "1/2-1/2"]
[WhiteElo "2588"]
[BlackElo "2568"]
[PlyCount "91"]
[EventDate "2008.07.31"]
[SourceDate "1999.07.01"]

1. e4 c6 2. d4 d5 3. e5 Bf5 4. Nf3 e6 5. Be2 c5 6. Be3 cxd4 7. Nxd4 Ne7 8. Bg5
Qd7 9. Nc3 Bg6 10. O-O Nec6 11. Nxc6 Nxc6 12. f4 d4 13. Nb1 Nb4 14. Na3 d3 15.
cxd3 Bc5+ 16. Kh1 O-O 17. Nc2 Nxc2 18. Qxc2 Rac8 19. Qd2 Qd4 20. Rac1 Bb4 21.
Qd1 h6 22. Bh4 Qxb2 23. Rb1 Qd2 24. Qxd2 Bxd2 25. Rxb7 Rc2 26. d4 Be4 27. Rxa7
Rfc8 28. h3 Be3 29. Bf3 Rc1 30. Rxc1 Rxc1+ 31. Kh2 Bxf3 32. gxf3 g5 33. fxg5
hxg5 34. Bg3 Rc2+ 35. Kh1 Bxd4 36. Ra4 Rd2 37. Rc4 Kh7 38. a4 Bf2 39. Bxf2 Rxf2
40. a5 Ra2 41. Rg4 Kh6 42. h4 gxh4 43. Rxh4+ Kg5 44. Rg4+ Kf5 45. Rg7 Kxe5 46.
Rxf7 1/2-1/2

[Event "Inautomarket Open"]
[Site "Minsk BLR"]
[Date "2008.07.14"]
[Round "5"]
[White "Fedorov, Alex"]
[Black "Yevseev, D."]
[Result "1/2-1/2"]
[WhiteElo "2560"]
[BlackElo "2510"]
[PlyCount "71"]
[EventDate "2008.07.10"]
[SourceDate "1999.07.01"]

1. e4 c6 2. d4 d5 3. e5 Bf5 4. Nd2 e6 5. Nb3 Nd7 6. Nf3 Qc7 7. Bf4 Ne7 8. Be2
h6 9. h3 g5 10. Bg3 Bg6 11. O-O Bg7 12. Rc1 O-O 13. Ne1 a5 14. a4 Qb6 15. c3 c5
16. Bb5 Nc6 17. h4 c4 18. Nd2 Qd8 19. hxg5 Qxg5 20. b3 cxb3 21. Nxb3 Rfc8 22.
Nf3 Bh5 23. Qd3 Qg4 24. Nh2 Qg6 25. Qe3 Qh7 26. Bh4 Rc7 27. Qf4 Na7 28. Bxd7
Rxd7 29. Nxa5 Nc6 30. Nxc6 bxc6 31. Ra1 Rda7 32. Bf6 Rxa4 33. Rxa4 Rxa4 34. Qh4
Be2 35. Re1 Ra2 36. Bxg7 1/2-1/2

[Event "Politiken Cup"]
[Site "Helsingor DEN"]
[Date "2008.07.25"]
[Round "8"]
[White "Landa, K."]
[Black "Mchedlishvili, M."]
[Result "1/2-1/2"]
[WhiteElo "2615"]
[BlackElo "2604"]
[PlyCount "112"]
[EventDate "2008.07.19"]
[SourceDate "1999.07.01"]

1. e4 c6 2. d4 d5 3. Nd2 Qb6 4. c3 dxe4 5. Nxe4 Bf5 6. Ng3 Bg6 7. N1e2 e6 8.
Nf4 Bd6 9. Ngh5 Bxh5 10. Nxh5 g6 11. Ng3 Nf6 12. Bc4 Nbd7 13. Qf3 Bf8 14. a4 a5
15. Bf4 Nd5 16. Ne4 Nxf4 17. Qxf4 Be7 18. O-O-O Qd8 19. h4 Nf6 20. Qe5 Rg8 21.
Nxf6+ Bxf6 22. Qe4 Qe7 23. h5 O-O-O 24. f4 Kb8 25. g4 Qc7 26. Kb1 Rge8 27. Qf3
Rf8 28. Ka2 Rd7 29. hxg6 hxg6 30. Rh7 Rh8 31. Rdh1 Rxh7 32. Rxh7 Qd6 33. f5
gxf5 34. gxf5 e5 35. dxe5 Qxe5 36. Rxf7 Rxf7 37. Bxf7 Kc7 38. Be6 Kb8 39. Qd3
Qf4 40. Kb3 Qc7 41. Qe3 Qe5 42. Qh6 Bd8 43. Qf8 Qf6 44. Qd6+ Bc7 45. Qd7 Qd8
46. Kc4 Qxd7 47. Bxd7 Be5 48. b4 Kc7 49. Be8 axb4 50. cxb4 Bf6 51. Bh5 Bg7 52.
Bf3 Bf6 53. b5 cxb5+ 54. axb5 b6 55. Kd5 Kd7 56. Bg4 Ke7 1/2-1/2

[Event "XXVI Andorra Open"]
[Site "La Massana AND"]
[Date "2008.07.26"]
[Round "8"]
[White "Howell, D."]
[Black "Lafuente, P."]
[Result "1-0"]
[WhiteElo "2561"]
[BlackElo "2505"]
[PlyCount "95"]
[EventDate "2008.07.19"]
[SourceDate "1999.07.01"]

1. e4 c6 2. d4 d5 3. exd5 cxd5 4. c4 Nf6 5. Nc3 e6 6. Nf3 Bb4 7. cxd5 Nxd5 8.
Qc2 Nc6 9. Bd3 Ba5 10. a3 h6 11. O-O O-O 12. Rd1 Nce7 13. Ne5 Bd7 14. Ne4 Bc7
15. Qe2 Ba4 16. Re1 Nf5 17. Nc5 Nxd4 18. Qg4 Nf6 19. Qg3 Nc6 20. Bxh6 Nh5 21.
Qg4 Nxe5 22. Rxe5 Bxe5 23. Qxh5 gxh6 24. Qxh6 Qxd3 25. Nxd3 Bg7 26. Qh4 Bc2 27.
Nf4 Rfd8 28. Qg5 Rac8 29. h4 Kf8 30. Re1 Bxb2 31. Kh2 Bf5 32. Re3 Bc1 33. Rf3
Rd4 34. Qf6 Bxf4+ 35. Rxf4 Rxf4 36. Qh6+ Ke7 37. Qxf4 b6 38. Qg5+ Kf8 39. Qf6
Rc4 40. h5 Ke8 41. f3 Rc5 42. h6 Bg6 43. g4 Rc2+ 44. Kg3 Rc1 45. Qf4 Rc8 46.
Qa4+ Kf8 47. Qxa7 b5 48. Qd7 1-0

[Event "XXVI Andorra Open"]
[Site "La Massana AND"]
[Date "2008.07.27"]
[Round "9"]
[White "Edouard, R."]
[Black "Rodshtein, M."]
[Result "1-0"]
[WhiteElo "2508"]
[BlackElo "2605"]
[PlyCount "65"]
[EventDate "2008.07.19"]
[SourceDate "1999.07.01"]

1. e4 c6 2. d4 d5 3. e5 Bf5 4. Nf3 e6 5. Be2 Nd7 6. O-O Ne7 7. Nbd2 h6 8. Nb3
Nc8 9. Be3 Be7 10. Ne1 Ncb6 11. Bd3 Bxd3 12. Nxd3 Qc7 13. Qg4 g6 14. Qe2 Nc4
15. Nd2 Nxd2 16. Qxd2 c5 17. c3 c4 18. Ne1 Bf8 19. g3 Qc6 20. Ng2 b5 21. h4
O-O-O 22. Bf4 Nb6 23. Ne3 Rd7 24. Ng4 h5 25. Nh2 a5 26. a3 Kb7 27. Bg5 b4 28.
axb4 axb4 29. Ra5 b3 30. Rfa1 Kb8 31. Qe1 Rg8 32. Ra6 Bg7 33. R1a5 1-0

[Event "XIII Open"]
[Site "Balaguer ESP"]
[Date "2008.07.22"]
[Round "9"]
[White "Baklan, V."]
[Black "Burmakin, V."]
[Result "1-0"]
[WhiteElo "2631"]
[BlackElo "2625"]
[PlyCount "63"]
[EventDate "2008.07.14"]
[SourceDate "1999.07.01"]

1. e4 c6 2. d4 d5 3. e5 Bf5 4. Nf3 e6 5. Be2 Nd7 6. O-O h6 7. c3 Ne7 8. Na3 Bh7
9. Nc2 Nc8 10. Nfe1 Be7 11. Bd3 Bxd3 12. Nxd3 O-O 13. Qh5 Qe8 14. Bxh6 gxh6 15.
Qxh6 f6 16. Rae1 Qf7 17. Re3 Qh7 18. Rg3+ Kh8 19. Qe3 Qf5 20. Rf3 Qe4 21. Qd2
fxe5 22. Re1 Rxf3 23. Rxe4 dxe4 24. Nc5 Rf7 25. Nxd7 Rh7 26. Nxe5 Nd6 27. Ng6+
Kg8 28. Qf4 Nf5 29. Qxe4 Rf7 30. Qxe6 Kg7 31. Ne3 Nxe3 32. Ne5 1-0

[Event "7th Open"]
[Site "La Fere FRA"]
[Date "2008.07.10"]
[Round "7"]
[White "Gharamian, T."]
[Black "Sumets, A."]
[Result "1/2-1/2"]
[WhiteElo "2560"]
[BlackElo "2534"]
[PlyCount "49"]
[EventDate "2008.07.05"]
[SourceDate "1999.07.01"]

1. e4 c6 2. d4 d5 3. Nc3 dxe4 4. Nxe4 Bf5 5. Ng3 Bg6 6. h4 h6 7. Nf3 Nd7 8. h5
Bh7 9. Bd3 Bxd3 10. Qxd3 e6 11. Bd2 Ngf6 12. O-O-O Be7 13. Qe2 Qb6 14. Ne5 O-O
15. Ng6 Rfe8 16. Nxe7+ Rxe7 17. Be3 Nd5 18. c4 Nxe3 19. Qxe3 Qb4 20. Qb3 Qxb3
21. axb3 Nf6 22. f3 Rd8 23. Rd2 Red7 24. Rhd1 Kf8 25. Kc2 1/2-1/2

[Event "Kings Gambit A"]
[Site "Lipetsk RUS"]
[Date "2008.07.17"]
[Round "9"]
[White "Vysochin, S."]
[Black "Zontakh, A."]
[Result "1/2-1/2"]
[WhiteElo "2514"]
[BlackElo "2582"]
[PlyCount "38"]
[EventDate "2008.07.09"]
[SourceDate "1999.07.01"]

1. e4 c6 2. d4 d5 3. exd5 cxd5 4. c4 Nf6 5. Nc3 e6 6. Nf3 Bb4 7. cxd5 Nxd5 8.
Bd2 Nc6 9. Bd3 O-O 10. O-O Nf6 11. a3 Be7 12. Be3 b6 13. Qe2 Bb7 14. Rad1 Rc8
15. Rfe1 Na5 16. Bg5 h6 17. Bh4 Nd5 18. Qe4 Nf6 19. Qe2 Nd5 1/2-1/2

[Event "XXX Nezhmetdinov Mem"]
[Site "Kazan RUS"]
[Date "2008.06.06"]
[Round "6"]
[White "Kokarev, Dm"]
[Black "Vokarev, S."]
[Result "1/2-1/2"]
[WhiteElo "2579"]
[BlackElo "2502"]
[PlyCount "103"]
[EventDate "2008.06.01"]
[SourceDate "1999.07.01"]

1. e4 c6 2. d4 d5 3. Nc3 dxe4 4. Nxe4 Bf5 5. Ng3 Bg6 6. h4 h6 7. Nf3 Nd7 8. h5
Bh7 9. Bd3 Bxd3 10. Qxd3 e6 11. Bf4 Qa5+ 12. Bd2 Qc7 13. O-O-O O-O-O 14. Ne4
Ngf6 15. g3 Nxe4 16. Qxe4 Nf6 17. Qe2 Rd5 18. Bf4 Bd6 19. Be5 Bxe5 20. dxe5 Nd7
21. c4 Rxd1+ 22. Rxd1 Qb6 23. Rd4 Nc5 24. Qe3 Rd8 25. Rxd8+ Kxd8 26. Kc2 Ke8
27. Nd2 Nd7 28. Qxb6 axb6 29. f4 f6 30. Nf3 fxe5 31. Nxe5 Nf6 32. g4 Ke7 33.
Kd3 Kd6 34. Kd4 b5 35. c5+ Kc7 36. Ke3 b6 37. cxb6+ Kxb6 38. b3 c5 39. Kf3 Kc7
40. g5 Ng8 41. Nf7 Kd7 42. Ke4 Ke7 43. Ne5 Kd6 44. a3 Kc7 45. Nf7 Kd7 46. Ke5
c4 47. bxc4 bxc4 48. Kd4 Ne7 49. Kxc4 Nf5 50. Kd3 Ng3 51. Nxh6 Nxh5 52. Ke4
1/2-1/2

[Event "36th TCh-GRE"]
[Site "Kallithea Halkidiki GRE"]
[Date "2008.07.08"]
[Round "4"]
[White "Kryvoruchko, Y."]
[Black "Zubarev, Al1"]
[Result "1/2-1/2"]
[WhiteElo "2628"]
[BlackElo "2517"]
[PlyCount "59"]
[EventDate "2008.07.06"]
[SourceDate "1999.07.01"]

1. e4 c6 2. d4 d5 3. e5 Bf5 4. Nf3 e6 5. Be2 Nd7 6. O-O Ne7 7. Nbd2 c5 8. c4
cxd4 9. Nxd4 Nxe5 10. Nxf5 Nxf5 11. cxd5 Qxd5 12. Qa4+ Nc6 13. Bf3 Qd7 14. Nc4
Rc8 15. Rd1 Nfd4 16. Bxc6 Qxc6 17. Nd6+ Bxd6 18. Qxd4 Qd5 19. Qa4+ Qc6 20. Qd4
Qd5 21. Qxd5 exd5 22. Rxd5 Rc6 23. Be3 a6 24. Rad1 Ke7 25. Re1 Kd7 26. Bf4 Rd8
27. Red1 Ke7 28. Re1+ Kf8 29. Red1 Ke7 30. Re1+ 1/2-1/2

[Event "36th TCh-GRE"]
[Site "Kallithea Halkidiki GRE"]
[Date "2008.07.09"]
[Round "5"]
[White "Nikolaidis, I."]
[Black "Papaioannou, I."]
[Result "1/2-1/2"]
[WhiteElo "2516"]
[BlackElo "2591"]
[PlyCount "20"]
[EventDate "2008.07.06"]
[SourceDate "1999.07.01"]

1. e4 c6 2. d4 d5 3. e5 Bf5 4. Nf3 e6 5. Be2 Nd7 6. O-O Ne7 7. Nh4 Bg6 8. Nd2
Nf5 9. Nxg6 hxg6 10. Nf3 Be7 1/2-1/2

[Event "36th TCh-GRE"]
[Site "Kallithea Halkidiki GRE"]
[Date "2008.07.10"]
[Round "7"]
[White "Kryvoruchko, Y."]
[Black "Jobava, Ba"]
[Result "1/2-1/2"]
[WhiteElo "2628"]
[BlackElo "2665"]
[PlyCount "41"]
[EventDate "2008.07.06"]
[SourceDate "1999.07.01"]

1. e4 c6 2. d4 d5 3. exd5 cxd5 4. c4 e6 5. Nc3 Bb4 6. Nf3 Nf6 7. cxd5 Nxd5 8.
Qc2 Nc6 9. Bd3 h6 10. O-O O-O 11. a3 Bd6 12. Bh7+ Kh8 13. Be4 Nf6 14. Bxc6 bxc6
15. Na4 a5 16. Nc5 Bxc5 17. Qxc5 Ba6 18. Re1 a4 19. Ne5 Qd5 20. Nxc6 Rfc8 21.
Qxd5 1/2-1/2

[Event "Serbia Cup"]
[Site "Zlatibor SRB"]
[Date "2008.06.20"]
[Round "5"]
[White "Solak, D."]
[Black "Roiz, M."]
[Result "1/2-1/2"]
[WhiteElo "2630"]
[BlackElo "2659"]
[PlyCount "22"]
[EventDate "2008.06.16"]
[SourceDate "1999.07.01"]

1. e4 c6 2. d4 d5 3. e5 Bf5 4. h4 h5 5. c4 e6 6. Nc3 Nd7 7. cxd5 cxd5 8. Bd3
Bxd3 9. Qxd3 Ne7 10. Bg5 Qa5 11. Bxe7 Bxe7 1/2-1/2

[Event "Serbia Cup"]
[Site "Zlatibor SRB"]
[Date "2008.06.21"]
[Round "6"]
[White "Vuckovic, Bo"]
[Black "Berkes, F."]
[Result "1/2-1/2"]
[WhiteElo "2556"]
[BlackElo "2618"]
[PlyCount "38"]
[EventDate "2008.06.16"]
[SourceDate "1999.07.01"]

1. e4 c6 2. d4 d5 3. Nc3 dxe4 4. Nxe4 Bf5 5. Ng3 Bg6 6. h4 h6 7. Nf3 Nd7 8. h5
Bh7 9. Bd3 Bxd3 10. Qxd3 e6 11. Bf4 Qa5+ 12. Bd2 Bb4 13. c3 Be7 14. c4 Qc7 15.
O-O-O Ngf6 16. Rde1 O-O 17. Nf5 exf5 18. Rxe7 Qd6 19. Re2 Ne4 1/2-1/2

[Event "Open"]
[Site "Conegliano ITA"]
[Date "2008.06.02"]
[Round "5"]
[White "Kritz, L."]
[Black "Epishin, V."]
[Result "1/2-1/2"]
[WhiteElo "2609"]
[BlackElo "2566"]
[PlyCount "64"]
[EventDate "2008.05.31"]
[SourceDate "1999.07.01"]

1. e4 c6 2. d4 d5 3. e5 Bf5 4. Nf3 e6 5. Be2 Bg6 6. O-O a6 7. Nbd2 Nd7 8. c3
Be7 9. Ne1 c5 10. Ndf3 Rc8 11. Nd3 cxd4 12. cxd4 h5 13. Bd2 Nh6 14. Rc1 Rxc1
15. Qxc1 Be4 16. Qc3 Nf5 17. Rc1 O-O 18. Qc7 Bxf3 19. Bxf3 Nxd4 20. Bxh5 Nc6
21. Qxb7 Ncxe5 22. Nxe5 Nxe5 23. Be2 Bg5 24. Bxg5 Qxg5 25. Rd1 Qf5 26. Qc7 Qe4
27. Kf1 g6 28. h3 Nc4 29. Bxc4 dxc4 30. Rc1 Qd4 31. Qxc4 Qxb2 32. Rd1 Qb7
1/2-1/2

[Event "World Open"]
[Site "Philadelphia USA"]
[Date "2008.07.06"]
[Round "9"]
[White "Ganguly, S."]
[Black "Erenburg, S."]
[Result "1/2-1/2"]
[WhiteElo "2631"]
[BlackElo "2563"]
[PlyCount "100"]
[EventDate "2008.07.02"]
[SourceDate "1999.07.01"]

1. e4 c6 2. d4 d5 3. Nd2 dxe4 4. Nxe4 Bf5 5. Ng3 Bg6 6. h4 h6 7. Nf3 Nd7 8. h5
Bh7 9. Bd3 Bxd3 10. Qxd3 e6 11. Bd2 Qc7 12. O-O-O Ngf6 13. Ne4 O-O-O 14. g3
Nxe4 15. Qxe4 Nf6 16. Qe2 Rd5 17. c4 Rxh5 18. Rhe1 c5 19. Bf4 Bd6 20. Bxd6 Qxd6
21. Ne5 Rf8 22. g4 Rh4 23. dxc5 Qxc5 24. f3 h5 25. a3 hxg4 26. fxg4 a5 27. Rd2
Nd5 28. Kb1 Nb6 29. Red1 Rh3 30. Nxf7 Qe3 31. Ng5 Qxe2 32. Rxe2 Rg3 33. Nxe6
Re8 34. Re4 Nd7 35. g5 Nf8 36. Nc5 Rxe4 37. Nxe4 Rg4 38. Nd6+ Kc7 39. Rd5 Kc6
40. b4 axb4 41. Nf7 Rxc4 42. Rd8 Nd7 43. Rxd7 Kxd7 44. Ne5+ Ke6 45. Nxc4 bxa3
46. Ka2 Kf5 47. Kxa3 Kxg5 48. Nd6 Kf4 49. Nf7 g5 50. Nxg5 Kxg5 1/2-1/2

[Event "ch-CHN"]
[Site "Beijing CHN"]
[Date "2008.06.06"]
[Round "9"]
[White "Wang Hao"]
[Black "Yu Shaoteng"]
[Result "1-0"]
[WhiteElo "2684"]
[BlackElo "2505"]
[PlyCount "75"]
[EventDate "2008.05.29"]
[SourceDate "1999.07.01"]

1. e4 c6 2. d4 d5 3. e5 c5 4. Nf3 Bg4 5. dxc5 Nc6 6. Bb5 Qa5+ 7. Nc3 e6 8. Be3
Nge7 9. a3 O-O-O 10. b4 Bxf3 11. gxf3 Qc7 12. Bxc6 Nxc6 13. Bd4 a6 14. f4 f6
15. exf6 Qxf4 16. fxg7 Bxg7 17. Bxg7 Rhg8 18. Qd2 Qf3 19. Rg1 Rd7 20. Qe2 Qf5
21. O-O-O Rgxg7 22. Rg3 Rdf7 23. Na4 Rg6 24. Nb6+ Kc7 25. Rd2 Ne5 26. Kb1 Ng4
27. h3 Ne5 28. Rxg6 hxg6 29. Qe3 Nd7 30. Qg3+ Qf4 31. Qxg6 Rf6 32. Qg7 Rf7 33.
Qc3 Nxb6 34. cxb6+ Kd7 35. a4 Qd6 36. a5 Rf4 37. Rd4 Qe5 38. Rxd5+ 1-0

[Event "ch-CHN"]
[Site "Beijing CHN"]
[Date "2008.06.08"]
[Round "11"]
[White "Ni Hua"]
[Black "Yu Shaoteng"]
[Result "1-0"]
[WhiteElo "2704"]
[BlackElo "2505"]
[PlyCount "99"]
[EventDate "2008.05.29"]
[SourceDate "1999.07.01"]

1. e4 c6 2. d4 d5 3. e5 c5 4. Nf3 Bg4 5. c4 cxd4 6. cxd5 Qxd5 7. Nc3 Qd7 8. Bb5
Nc6 9. Qxd4 Nxd4 10. Nxd4 a6 11. Bxd7+ Bxd7 12. Nd5 Rc8 13. Nb6 Rc7 14. e6 Bxe6
15. Bf4 Rc5 16. b4 Rc4 17. Nxc4 Bxc4 18. Rc1 b5 19. a3 f6 20. Nc6 e5 21. Be3
Bd6 22. Na5 Bd5 23. O-O Ne7 24. Rfd1 Kd7 25. Bc5 Rb8 26. f3 g5 27. Nb3 Ra8 28.
Bxd6 Kxd6 29. Nc5 Ra7 30. g4 Ng6 31. Ne4+ Ke6 32. Nc5+ Kd6 33. Ne4+ Ke6 34. Rc8
Nf4 35. Re8+ Kf7 36. Nd6+ Kg7 37. Nf5+ Kf7 38. Rh8 Ke6 39. Rd8 Bxf3 40. R1d6+
Kf7 41. Rh8 Bxg4 42. Rxh7+ Kg6 43. Rxa7 Kxf5 44. Raxa6 Ke4 45. Rxf6 Kf3 46. a4
e4 47. axb5 e3 48. b6 e2 49. Ra3+ Ke4 50. Rxf4+ 1-0

[Event "TCh-ISR"]
[Site "Israel ISR"]
[Date "2008.03.28"]
[Round "4"]
[White "Rozentalis, E."]
[Black "Postny, E."]
[Result "1/2-1/2"]
[WhiteElo "2582"]
[BlackElo "2649"]
[PlyCount "92"]
[EventDate "2008.04.01"]
[SourceDate "1999.07.01"]

1. e4 c6 2. d4 d5 3. Nd2 dxe4 4. Nxe4 Bf5 5. Nc5 b6 6. Nb3 e6 7. Nf3 Bd6 8. Bg5
Ne7 9. Bd3 Bxd3 10. Qxd3 O-O 11. O-O h6 12. Bh4 Qc7 13. Bg3 Bxg3 14. hxg3 Nd7
15. c4 Rad8 16. Qe2 Rfe8 17. Rad1 Ng6 18. Rfe1 e5 19. d5 cxd5 20. Rxd5 e4 21.
Nfd4 Nde5 22. Nb5 Qxc4 23. Qxc4 Nxc4 24. Rxe4 Rxd5 25. Rxe8+ Kh7 26. Nxa7 Rd1+
27. Kh2 Nge5 28. g4 Rb1 29. Kg3 Rxb2 30. Nb5 Rxa2 31. N3d4 Nd3 32. f3 Nd2 33.
Kh2 Nf4 34. Nc3 Rb2 35. Nce2 Nxe2 36. Nxe2 b5 37. Kg3 b4 38. Rb8 b3 39. Kf4 Rc2
40. Nd4 Rc3 41. Ne2 g5+ 42. Kg3 Rc2 43. Nd4 Ra2 44. Ne2 Rc2 45. Nd4 Rc3 46. Ne2
Rc2 1/2-1/2

[Event "Doroshkevich mem"]
[Site "Maykop RUS"]
[Date "2008.05.31"]
[Round "8"]
[White "Lastin, A."]
[Black "Korobkov, P."]
[Result "1-0"]
[WhiteElo "2622"]
[BlackElo "2508"]
[PlyCount "37"]
[EventDate "2008.05.24"]
[SourceDate "1999.07.01"]

1. e4 c6 2. d4 d5 3. e5 Bf5 4. Nf3 e6 5. Be2 c5 6. Be3 Qb6 7. Nc3 Qxb2 8. Qb1
Qxb1+ 9. Rxb1 c4 10. Rxb7 Nc6 11. Nb5 Nd8 12. Rc7 Bxc2 13. Nd6+ Bxd6 14. exd6
f6 15. Bc1 Nf7 16. Kd2 Be4 17. Bd1 Ngh6 18. Ba4+ Kd8 19. Ba3 1-0

[Event "TCh-BIH"]
[Site "Neum BIH"]
[Date "2008.06.07"]
[Round "4"]
[White "Kovacevic, A."]
[Black "Berkes, F."]
[Result "0-1"]
[WhiteElo "2616"]
[BlackElo "2618"]
[PlyCount "57"]
[EventDate "2008.06.04"]
[SourceDate "1999.07.01"]

1. e4 c6 2. d4 d5 3. e5 Bf5 4. h4 Qb6 5. Nc3 h5 6. Be2 e6 7. Nf3 Nd7 8. O-O Ne7
9. Rb1 a5 10. b3 Bg4 11. Na4 Qa7 12. c3 Nf5 13. Nb2 b5 14. Be3 Be7 15. g3 O-O
16. Kg2 g6 17. Ng1 Bxe2 18. Nxe2 c5 19. Nd3 b4 20. Qd2 bxc3 21. Qxc3 Rfc8 22.
Rfc1 cxd4 23. Qxc8+ Rxc8 24. Rxc8+ Kg7 25. Nxd4 Nxd4 26. Rc3 Bd8 27. Rbc1 Bb6
28. Bxd4 Bxd4 29. Rc7 0-1

[Event "TCh-HUN 2007-8"]
[Site "Budapest HUN"]
[Date "2008.03.30"]
[Round "9"]
[White "Almasi, Z."]
[Black "Medvegy, Z."]
[Result "1-0"]
[WhiteElo "2691"]
[BlackElo "2512"]
[PlyCount "95"]
[EventDate "2007.10.14"]
[SourceDate "1999.07.01"]

1. e4 c6 2. d4 d5 3. e5 Bf5 4. Nf3 e6 5. Be2 Nd7 6. O-O Bg6 7. Nbd2 Nh6 8. Nb3
Nf5 9. c3 c5 10. dxc5 Bxc5 11. Nxc5 Nxc5 12. Bb5+ Nd7 13. Bg5 Qc7 14. c4 a6 15.
Bxd7+ Qxd7 16. cxd5 exd5 17. Qd2 O-O 18. h3 h6 19. Bf4 Rfd8 20. Rad1 Ne7 21.
Nd4 Nc6 22. e6 fxe6 23. Rfe1 Nxd4 24. Qxd4 Rac8 25. b3 Rc2 26. Re3 Qf7 27. Rg3
Kh7 28. Be5 Rd7 29. a4 Qf5 30. Re1 Rf7 31. Rf3 Qg5 32. Rxf7 Bxf7 33. Re3 Bg6
34. Bxg7 Qf5 35. Rf3 Qe4 36. Rf8 Qxd4 37. Bxd4 Be4 38. Rf7+ Kg8 39. Rg7+ Kf8
40. Rxb7 Rc1+ 41. Kh2 Rd1 42. Bc5+ Kg8 43. Re7 d4 44. Rxe6 Bd5 45. Rxa6 Bxb3
46. a5 d3 47. Rd6 Bc4 48. a6 1-0

[Event "XXVII Open"]
[Site "Zalakarosi HUN"]
[Date "2008.05.26"]
[Round "5"]
[White "Horvath, Ad1"]
[Black "Medvegy, Z."]
[Result "0-1"]
[WhiteElo "2524"]
[BlackElo "2512"]
[PlyCount "66"]
[EventDate "2008.05.22"]
[SourceDate "1999.07.01"]

1. e4 c6 2. d4 d5 3. e5 Bf5 4. Nf3 e6 5. Be2 Nd7 6. O-O Bg6 7. Nbd2 Nh6 8. c3
Be7 9. Ne1 f6 10. exf6 Bxf6 11. g4 e5 12. dxe5 Bxe5 13. f4 Bd6 14. f5 Qh4 15.
Rf2 Bc5 16. Nd3 Bxf2+ 17. Nxf2 Bf7 18. Nf3 Qe7 19. f6 Nxf6 20. g5 Nhg4 21. gxf6
Nxf6 22. Bg5 O-O 23. Ng4 Qc5+ 24. Be3 Qd6 25. Ng5 Bg6 26. Qd4 Ne4 27. Rf1 Rxf1+
28. Bxf1 Nxg5 29. Bxg5 Be4 30. Qe3 h6 31. Bf4 Qg6 32. Qg3 Rf8 33. Ne5 Qf5 0-1

[Event "III President's Cup"]
[Site "Baku AZE"]
[Date "2008.05.17"]
[Round "6"]
[White "Mamedov, Nid"]
[Black "Jobava, Ba"]
[Result "0-1"]
[WhiteElo "2577"]
[BlackElo "2658"]
[PlyCount "146"]
[EventDate "2008.05.12"]
[SourceDate "1999.07.01"]

1. e4 c6 2. d4 d5 3. e5 Bf5 4. Nf3 e6 5. Be2 Nd7 6. O-O Ne7 7. Nbd2 h6 8. Nb3
Bh7 9. Bd2 Ng6 10. c4 dxc4 11. Na5 Rb8 12. Nxc4 Nb6 13. Na5 Nh4 14. b4 Nxf3+
15. Bxf3 Nd5 16. Qb3 Be7 17. Rac1 O-O 18. a3 Qd7 19. Rfd1 Rfd8 20. Qb2 Qe8 21.
Re1 Bf8 22. Be4 Bxe4 23. Rxe4 Ne7 24. Be1 Rd7 25. f3 Nf5 26. Bf2 Rd5 27. Qc3
Qd7 28. g3 Rc8 29. Kg2 b6 30. Nb3 Qb7 31. Qc4 Rb5 32. Be1 a5 33. g4 a4 34. gxf5
exf5 35. Rf4 axb3 36. Rxf5 Qd7 37. Rf4 b2 38. Rb1 c5 39. bxc5 bxc5 40. d5 Rb6
41. d6 Rcb8 42. Bc3 Rb3 43. Kh1 g5 44. Rf6 Bg7 45. e6 Bxf6 46. exd7 Rxc3 47.
Rxb2 Rxc4 48. Rxb8+ Kg7 49. d8=Q Bxd8 50. Rxd8 Kf6 51. Rh8 Ke6 52. Rxh6+ f6 53.
Kg2 Rd4 54. Rh8 Rxd6 55. Ra8 Rc6 56. Kf2 c4 57. Ke2 c3 58. Kd1 c2+ 59. Kc1 Rc3
60. a4 Rxf3 61. a5 Rf1+ 62. Kxc2 Rf2+ 63. Kb3 Rxh2 64. a6 Rh7 65. Re8+ Kd5 66.
Rf8 Ke5 67. Re8+ Kf4 68. Re1 f5 69. Ra1 Ra7 70. Rf1+ Ke4 71. Re1+ Kd3 72. Rd1+
Ke3 73. Re1+ Kf2 0-1